00850nam a2200253 a 450000100060000000300080000600500170001400800410003102000150007203500190008704000320010604100080013808200240014610000290017024500630019925000120026226000500027430000330032450000210035765000340037894200120041299900170042495201550044160210BD-RjUL20211209080820.0161229s1995 nyua 001 0 eng  a0195637941 a(BD-RjUL)60334 aDLCcDLCdDLCdBD-RjULbeng aeng00223a338.9bMEL 19951 aMeier, Gerald M.917925010aLeading issues in economic development /cGerald M. Meier. a6th ed. aNew Delhi :bOxford University Press,cc1995. axx, 591 p. :bill. ;c26 cm. aIncludes index. 0aEconomic development.9170469 2ddccBK c60210d60210 00102ddc40718NFICaRUCLbRUCLcReadingd1997-12-18eAligorh library, Rajshahig275.00l0o338.9 MEL 1995r2016-12-29 00:00:00tC-1w2016-12-29yBK